00613nam a22001817a 450000500170000001000130001702000260003003500120005603700160006808200080008410000260009224500690011824600770018726000530026427000580031730000210037570000350039620221115122238.0 aUR-11769 a9789390533596c200.00 aU-10324 bDBAD/PUBa- a841 aانور آفاقی aلمسوں کی خوشبو /cانور آفاقیhا ر د و aFragrance of palpability /bby Anwar Afaqi ; tr. by Mahmood Ahmad Karimi aNew DelhibEducational Publishing Housec2020 ء aH.O. D1/16, Ansari Road, DaryaganjbNew Delhie110002 a80 صc22cm(pbk) aمحمود احمد کریمی